| 000 | 00667nam a22002417a 4500 | ||
|---|---|---|---|
| 999 |
_c5493 _d5493 |
||
| 001 | 1948006 | ||
| 003 | GZU | ||
| 005 | 20210407103248.0 | ||
| 008 | 900525s1985 rh 000 0 nde | ||
| 010 | _a 86981099 | ||
| 020 | _a086925510X | ||
| 040 |
_aDLC _cDLC |
||
| 050 | 0 | 0 | _aPL8842 NDE |
| 100 | 1 |
_aNdebele, J. P., _d1940- |
|
| 245 | 1 | 0 |
_aSisemhlabeni / _cJ.P. Ndebele. |
| 260 |
_aHarare, Zimbabwe : _bCollege Press, _c1985. |
||
| 300 |
_a84 p. ; _c21 cm. |
||
| 490 | 1 | _aModern writers | |
| 830 | 0 | _aModern writers (Harare, Zimbabwe) | |
| 906 |
_a7 _bcbc _corignew _du _encip _f19 _gy-gencatlg |
||
| 942 |
_2lcc _cBK _h8842 _iNDE _kPL _m1985 |
||